Fintness, aerobics and gya oprations / (Record no. 39955)

MARC details
000 -LEADER
fixed length control field 00833nam a22002297a 4500
005 - DATE AND TIME OF LATEST TRANSACTION
control field 2010080701051.0
010 ## - LCCN (DPL NO)
LC control number ENG-98723
020 ## - INTERNATIONAL STANDARD BOOK NUMBER
Terms of availability 400.00
International Standard Book Number 8175245492
035 ## - SYSTEM CONTROL NUMBER
System control number EN-82255
037 ## - SOURCE OF ACQUISITION
Source of stock number/acquisition DBAD/PUB
082 ## - DEWEY DECIMAL CLASSIFICATION NUMBER
Classification number 613.7
100 ## - MAIN ENTRY--PERSONAL NAME
Personal name Sheela Kumari
245 ## - TITLE STATEMENT
Title Fintness, aerobics and gya oprations /
Statement of responsibility, etc by Sheela Kumari, Amita Rana [and] Seema Kaushik
260 ## - PUBLICATION, DISTRIBUTION, ETC. (IMPRINT)
Place of publication, distribution, etc New Delhi
Name of publisher, distributor, etc Khel Sahitya Kendra
Date of publication, distribution, etc 2009
270 ## - ADDRESS
Address 7/26, Ansari Road, Darya Ganj,
City New Delhi
Postal code 110002
300 ## - PHYSICAL DESCRIPTION
Extent 193 p.
Dimensions 24cm (Hb)
650 ## - SUBJECT ADDED ENTRY--TOPICAL TERM
Topical term or geographic name as entry element Acrobic excercise
700 ## - ADDED ENTRY--PERSONAL NAME
9 (RLIN) 7380
Personal name Rana, Amita
700 ## - ADDED ENTRY--PERSONAL NAME
Personal name Kaushik, Seema
9 (RLIN) 8227
942 ## - ADDED ENTRY ELEMENTS (KOHA)
Source of classification or shelving scheme Dewey Decimal Classification
Item type English Books
Classification part 613.7
Call number suffix SHE
Holdings
Withdrawn status Lost status Not for loan Collection code Home library Current library Date acquired Cost, normal purchase price Full call number Barcode Copy number Cost, replacement price Koha item type
    Not For Loan Non-fiction D.B.Act.Division D.B.Act.Division 07/08/2010 400.00 613.7 SHE EN-82255 1 400.00 English Books

© Delhi Public Library
Hit Counter
free hit counter